U.S. Cities Based Off Famous People - Statistics

General Stats
  • This quiz has been taken 28 times
  • The average score is 6 of 10
Answer Stats
Famous People City % Correct
Kurt Cobain, Nick Cannon Seattle
88%
Jason Derulo, Flo Rida, Enrique Iglesias Miami
85%
Mark Wahlberg, Uma Thurman Boston
81%
Prince, Bob Dylan, Judy Garland Minneapolis
77%
Jennifer Hudson, Kanye West, Pete Wentz Chicago
65%
Reese Witherspoon, Lil Wayne, Tyler Perry New Orleans
65%
Demi Lovato, Vanilla Ice, Jamie Foxx Dallas
46%
Raven Symone, T.I, Usher Atlanta
42%
Steve Harvey, Steph Curry, Dr. Oz Cleveland
42%
Katt Williams, Charles Manson Cincinnati
23%
No matching quizzes found
Score Distribution
Percent of People with Each Score
Percentile by Number Answered
Your Score History
You have not taken this quiz